| 000 | 00570nam a2200169Ia 4500 | ||
|---|---|---|---|
| 008 | 180921t2021 xxu||||| |||| 00| 0 sin d | ||
| 041 | _asin | ||
| 080 |
_a8-31 _bගුලික් |
||
| 100 | _aගුලික්, රොබට් වැන් | ||
| 245 | _aඅසිපත් මාරුව | ||
| 260 |
_bරීඩ් ඉට් රීඩර්ස් _aකඩුවෙල _c2021 |
||
| 300 | _aසෙ.මි.20, පි.160 | ||
| 700 |
_aබොබී ජී. බොතේජු _eපරි. |
||
| 942 | _cBK | ||
| 999 |
_c10666 _d10666 |
||
| 003 | LK-CoDNM | ||
| 040 |
_aLK-CoDNM _dLK-CoDNM _eLK-CoDNM |
||